Les meilleurs buteurs de l'histoire d'Aston Villa - Statistiques

Statistiques générales
  • Ce quiz a été pris 6 fois
  • Le résultat moyen est 2 sur 10
Statistiques - réponses
Buts Nationalité Joueur % Correct
65 Angleterre Ollie Watkins
100%
84 Trinité-et-Tobago Dwight Yorke
50%
86 Angleterre Gabriel Agbonlahor
25%
62 Écosse Andy Gray
0%
57 Angleterre Dion Dublin
0%
71 Angleterre Gary Shaw
0%
71 Angleterre Johnny Dixon
0%
62 Colombie Juan Pablo Ángel
0%
86 Angleterre Peter Withe
0%
62 Angleterre Tony Hateley
0%
Aucun quiz correspondant
Distribution des résultats
% des personnes avec chaque résultat
Percentile par nombre de réponses
Votre historique - résultats
Vous n’avez pas pris ce quiz